| Tag |
First Indicator |
Second Indicator |
Subfields |
| LEADER |
00000cam a2200000 a 4500 |
| 001 |
in00002483607 |
| 005 |
20220106092919.0 |
| 006 |
m d f |
| 007 |
cr bn||||||||| |
| 008 |
090212s2009 dcua s f000 0 eng c |
| 035 |
|
|
|a (OCoLC)ocn303566240
|
| 040 |
|
|
|a GPO
|c GPO
|d GPO
|d OCLCQ
|d GPO
|d MvI
|d UtOrBLW
|
| 042 |
|
|
|a pcc
|
| 043 |
|
|
|a n-us---
|
| 049 |
|
|
|a WWW
|
| 074 |
|
|
|a 0996-F (online)
|
| 086 |
0 |
|
|a Y 1.1/7:110-159
|
| 110 |
1 |
|
|a United States.
|b President (2001-2009 : Bush)
|
| 245 |
1 |
0 |
|a To take certain actions under the African Growth and Opportunity Act and the Generalized System of Preferences :
|b message from the President of the United States transmitting a proclamation to take certain actions under the African Growth and Opportunity Act and the Generalized System of Preferences, pursuant to section (f)(1)(A) of the Trade Act of 1974.
|
| 264 |
|
1 |
|a Washington :
|b U.S. G.P.O.,
|c 2009.
|
| 300 |
|
|
|a 1 electronic text (4 pages) :
|b HTML, digital, PDF file.
|
| 336 |
|
|
|a text
|b txt
|2 rdacontent
|
| 337 |
|
|
|a computer
|b c
|2 rdamedia
|
| 338 |
|
|
|a online resource
|b cr
|2 rdacarrier
|
| 490 |
1 |
|
|a House document / 110th Congress, 2d session ;
|v 110-159
|
| 500 |
|
|
|a Title from title screen (viewed on Feb. 12, 2009).
|
| 538 |
|
|
|a Mode of access: Internet from the GPO Access web site. Addresses as of 2/12/09: http://frwebgate.access.gpo.gov/cgi-bin/getdoc.cgi?dbname=110%5Fcong%5Fdocuments & docid=f:hd159.110 (text version), http://frwebgate.access.gpo.gov/cgi-bin/getdoc.cgi?dbname=110%5Fcong%5Fdocuments & docid=f:hd159.110.pdf (PDF version) ; current access is available via PURLs.
|
| 500 |
|
|
|a Title from title screen (viewed Feb. 12, 2009).
|
| 500 |
|
|
|a "Referred to the Committee on Ways and Means."
|
| 500 |
|
|
|a "January 3, 2009."
|
| 500 |
|
|
|a Electronic resource.
|
| 650 |
|
0 |
|a Tariff preferences
|z Kosovo (Republic)
|
| 650 |
|
0 |
|a Tariff preferences
|z Azerbaijan.
|
| 776 |
0 |
8 |
|i Print version:
|b President (2001-2009 : Bush)
|t To take certain actions under the African Growth and Opportunity Act and the Generalized System of Preferences
|h 4 p.
|w (OCoLC)303541864
|
| 776 |
0 |
8 |
|i Microfiche:
|b President (2001-2009 : Bush)
|t To take certain actions under the African Growth and Opportunity Act and the Generalized System of Preferences
|h 4 p.
|w (OCoLC)540758051
|
| 700 |
1 |
|
|a Bush, George W.
|q (George Walker),
|d 1946-
|
| 710 |
1 |
|
|a United States.
|b Congress.
|b House.
|b Committee on Ways and Means.
|
| 830 |
|
0 |
|a House document (United States. Congress. House) ;
|v 110-159.
|
| 856 |
4 |
0 |
|3 Text version:
|u https://purl.fdlp.gov/GPO/LPS108855
|t 0
|
| 856 |
4 |
0 |
|3 PDF version:
|u https://purl.fdlp.gov/GPO/LPS108856
|t 0
|
| 999 |
|
|
|a MARS
|
| 999 |
f |
f |
|s 4fa3c873-e12b-3d48-86cb-06e99521c4b5
|i b3a90a7b-0dc4-394b-85ac-1be88552d248
|t 0
|
| 952 |
f |
f |
|a Texas A&M University
|b College Station
|c Electronic Resources
|d Available Online
|t 0
|e Y 1.1/7:110-159
|h Superintendent of Documents classification
|
| 998 |
f |
f |
|a Y 1.1/7:110-159
|t 0
|l Available Online
|